Tuo fratello ti ruba i tacchi a spillo? Consulta il PICCOLO DIZIONARIO GAY
Uloženo v:
| Hlavní autor: | |
|---|---|
| Médium: | Kniha |
| Jazyk: | angličtina |
| Vydáno: |
Laris
2003
|
| Tagy: |
Žádné tagy, Buďte první, kdo vytvoří štítek k tomuto záznamu!
|
MARC
| LEADER | 00000nam a2200000 4500 | ||
|---|---|---|---|
| 005 | 20241023190142.0 | ||
| 008 | 241023b |||||||| |||| 00| 0 eng d | ||
| 020 | |a 9788888718125 | ||
| 040 | |c GP | ||
| 100 | |a Visconti, Fabrizio | ||
| 245 | |a Tuo fratello ti ruba i tacchi a spillo? |b Consulta il PICCOLO DIZIONARIO GAY | ||
| 260 | |b Laris |c 2003 | ||
| 942 | |2 ddc |c BK |n 0 | ||
| 952 | |0 0 |1 4 |2 ddc |4 0 |6 306_766000000000000_VIS |7 1 |9 2160 |a RM |b RM |d 2024-10-23 |l 0 |o 306.766 VIS |p 664 |r 2024-10-23 19:02:40 |w 2024-10-23 |y BK | ||
| 999 | |c 1901 |d 1901 | ||